000 00928nas a2200301 4500
001 BR0806053
003 BR-BrBNA
005 20231205112056.0
007 ta
008 230509b bl.|||p| |||| 00| 00por d
040 _aBR-BrBNA
_bpor
_cBiblioteca Nacional de Agricultura
041 _a(Pt)
072 _aL02; L01
100 1 _aDomingues, F.N.
100 1 _aSilva, J.F.C. da
100 1 _aVásquez, H.M.
100 1 _aVieira, R.A.M.
100 1 _aFerolla, F.S.
100 1 _aLista, F.N.
245 1 _aDesempenho ponderal de novilhas mestiças holândes x zebu submetidas a duas estratégias de suplementação mineral
650 _aSAL
650 _aSUPLEMENTO MINERAL
650 _aPESO
650 _aCONSUMO ALIMENTAR
773 0 _tRevista Brasileira de Zootecnia (Brazil)
_xISSN 1516-3598
_g(Feb 2008), v. 37(2) p. 343-349
_wBR0806053
909 _a202311
_bLúcia
_c55
_dLúcia Elande
942 _2AGRIS
_n0
_cANA
999 _c195963
_d195963